000 00937nam a2200289 a 4500
001 000014263
005 20200929163539.0
008 091208s2000 sp a 000 f spa d
020 _a8495501236
040 _aDO-SdBNP
_bspa
_cBNPHU
041 1 7 _aspa
_heng
_2Código de idioma MARC
082 _a813.5
_bC928h, 2000
100 1 _aCrichton, Michael,
_d1942-2008
_911554
240 1 4 _aThe terminal man.
_lEspañol
245 1 3 _aEl hombre terminal /
_cMichael Crichton ; traducción de Pilar Giralt.
250 _a2a ed.
260 _a[Madrid] :
_bSuma de Letras,
_c2000.
300 _a409, [6] p. :
_bil. ;
_c18 cm.
490 1 _aPunto de lectura
_v24/1
534 _pTítulo original en inglés:
_tThe terminal man
_c1972
650 4 _aNovela estadounidense
_9262
650 4 _aLiteratura estadounidense
_9263
700 1 _aGitalt, Pilar,
_etr.
_932203
830 0 _aPunto de lectura ;
_v24/1
_93047
910 _aWM
049 _aBNGR
999 _c13859
_d13859